Rozpoznaj kraj po jedzeniu - Statystyki

Ogólne statystyki
  • Ten quiz został rozwiązany 34 razy
  • Średni wynik to 14 z 20
Statystyki odpowiedzi
Obrazkowy Odpowiedź % Poprawnych
Francja
100%
USA
100%
Japonia
97%
Meksyk
97%
Włochy
97%
Belgia
93%
Chiny
93%
Polska
93%
Węgry
93%
Hiszpania
86%
Indie
83%
Turcja
79%
Wietnam
66%
Tajlandia
62%
Szwecja
55%
Australia
48%
Korea Południowa | Korea Północna
38%
Indonezja
28%
Filipiny
21%
Kolumbia | Wenezuela
17%
Nie znaleziono quizów pasujących do podanych kryteriów
Rozkład punktacji
Procent ludzi z każdym wynikiem
Percentyl według liczby udzielonych odpowiedzi
Twoja historia wyników
Nie rozwiązałeś tego quizu